| 000 | 00764nam a2200241Ia 4500 | ||
|---|---|---|---|
| 003 | OSt | ||
| 005 | 20250205105437.0 | ||
| 008 | 210716s2011 xx 000 0 und d | ||
| 020 | _a9788131723777 | ||
| 040 | _cAIMIT LIBRARY | ||
| 041 | _aeng | ||
| 082 |
_a006.671 _21 _bBLOJ |
||
| 100 |
_aBloch, Joshua. _9197713 |
||
| 245 |
_aJava puzzlers: traps pitfalls and corner cases. _btraps pitfalls and corner cases / _cBy Joshua Bloch and Neal Gafter. |
||
| 250 | _a1st ed. | ||
| 260 |
_aNew Delhi : _bPearson , _c2011. |
||
| 300 |
_axiv,282p. ; _bPB _c24.5 cm |
||
| 650 |
_aPuzzlers with character _9197714 |
||
| 650 |
_aLibrary puzzlers _9197715 |
||
| 650 |
_aAdvanced puzzlers _9197716 |
||
| 700 |
_aGafter, Neal. _9197717 |
||
| 942 |
_2ddc _cBK _e1st _k006.671 BLOJ |
||
| 999 |
_c192855 _d192855 |
||